| 000 | nam a22 7a 4500 | ||
|---|---|---|---|
| 999 |
_c348291 _d348291 |
||
| 003 | BLK | ||
| 005 | 20201007040641.0 | ||
| 008 | 200128b bu ||||| |||| 00| 0 bu d | ||
| 020 | _a9786192012731 | ||
| 040 | _aBLK | ||
| 041 |
_aBUL _cBUL |
||
| 080 |
_aБългарски език _b811.163.2 _x'271 _z811.163.2'271 |
||
| 100 |
_aКолева-Иванова, Камелия Валериева _eпърви автор _91299 |
||
| 139 |
_aКолева-Иванова, Камелия Валериева _bК 78 |
||
| 245 |
_aБългарският пуризъм от Освобождението до Втората световна война (1878-1939 г.) _cКамелия Колева-Иванова ; науч. ред. Ивелина Савова |
||
| 260 |
_9209419 _aШумен _bУнив. изд. Епископ Константин Преславски _c2019 _n978-619-201- ; 978-954-577- |
||
| 300 |
_a251 с. _c20 см |
||
| 380 | _a80 | ||
| 504 | _aБиблиогр.: с. 241-250 | ||
| 650 | 0 |
_9258827 _aБългарски език - чужди думи |
|
| 650 | 0 |
_9257396 _aБългарски език - социолингвистика |
|
| 653 | 7 |
_9182679 _aбългарски език |
|
| 653 | 7 |
_9194940 _aпуризъм |
|
| 653 | 7 |
_9200745 _aчужди думи |
|
| 700 |
_9695 _aСавова, Ивелина Костова _eнауч. ред. |
||
| 852 |
_bП _cП 808.67/К 78 |
||
| 852 |
_bЧ _cЧ 808.67/К 78 |
||
| 942 |
_cKNG _n0 _s1 |
||